Effectif Napoli saison 25/26 - Statistiques

Statistiques générales
  • Ce quiz a été pris 37 fois
  • Le résultat moyen est 19 sur 29
Statistiques - réponses
Hint Réponse % Correct
G Alex Meret
94%
MC Scott McTominay
94%
DD Giovanni Di Lorenzo
88%
BU Romelu Lukaku
88%
Coach Antonio Conte
84%
MC Franck Anguissa
84%
MOC Kevin De Bruyne
84%
DC Alessandro Buongiorno
81%
BU Rasmus Hojlund
81%
AD David Neres
78%
MDC Stanislav Lobotka
78%
G Vanja Milinkovic-Savic
75%
AD Matteo Politano
69%
AG Noa Lang
69%
DC Amir Rrahmani
66%
DC Juan Jesus
66%
DG Mathias Olivera
63%
MDC Billy Gilmour
59%
DC Sam Beukema
59%
DG Leonardo Spinazzola
56%
BU Lorenzo Lucca
53%
DG Miguel Gutierrez
53%
AG Eljif Elmas
44%
DD Pasquale Mazzocchi
44%
MOC Antonio Vergara
41%
DC Luca Marianucci
41%
G Nikita Contini
38%
BU Giuseppe Ambrosino
31%
MC Coli Saco
13%
Aucun quiz correspondant
Distribution des résultats
% des personnes avec chaque résultat
Percentile par nombre de réponses
Votre historique - résultats
Vous n’avez pas pris ce quiz